000 00582nam a2200181Ia 4500
005 20250508160027.0
008 008 250505s9999 xx 000 0 eng d
037 _aBooks to be hide in OPAC
040 _aFEDL
_beng
_cFEDL
041 _aeng
_2eng
084 _a371.330942, GRE
_qFEDL
245 0 _aReport of the committee on the use of the cinematograph in education
245 0 _cImperial Education Conference
260 _aLondon, UK
_bHis Majesty's Stationery Office
_c1924
300 _a59p.
942 _cHB
_h371.330942, GRE
999 _c1361179
_d1361179